000 00529nam a2200169Ia 4500
008 210423s2011 xx 000 0 und d
020 _a9780070584006
041 _aeng
082 _a658.4034 BROR
100 _aBRONSON (Richard);NAADIMUTHU (Govindasami).
245 _aSchaums outline of theory and problems of operations research.
250 _a2
260 _aNew Delhi
_bTata McGraw-hill
_c2011
300 _avii,456
_bPB
365 _b250
_cINR
906 _aoperations ; outline ; problems ; research. ; Schaums ; theory
999 _c155977
_d155977